LEADER 01316nam0-22003491i-450- 001 990004389360403321 005 20050112102846.0 010 $a88-464-3442-0 035 $a000438936 035 $aFED01000438936 035 $a(Aleph)000438936FED01 035 $a000438936 100 $a19990604d2002----km-y0itay50------ba 101 0 $aita 102 $aIT 105 $af-------101yy 200 1 $a<>luoghi della carità e della cura$eottocento anni di storia dell'ospedale di varese$eatti del convegno promosso dal centro culturale Massimiliano Kolbe e dall'azienda ospedaliero-universitaria Ospedale di Circolo e Fondazione Macchi, Varese, 11 ottobre 1997$fa cura di Marina Cavallera, Angelo Giorgio Ghezzi, Alfredo Lucioni 210 $aMilano$cAngeli$dc2002 215 $a442 p., [16] c. di tav.$d23 cm 225 1 $aStoria della società, dell'economia e delle istituzioni$v10 610 0 $aVarese$aOspedale di Circolo$aCongressi$a1997 676 $a362.11$v21$zita 702 1$aCavallera,$bMarina 702 1$aGhezzi,$bAngelo Giorgio 702 1$aLucioni,$bAlfredo 801 0$aIT$bUNINA$gRICA$2UNIMARC 901 $aBK 912 $a990004389360403321 952 $a362.11 CAV 1$bBibl.47212$fFLFBC 959 $aFLFBC 996 $aLuoghi della carità e della cura$9542896 997 $aUNINA LEADER 03119oam 2200673I 450 001 9910791883403321 005 20230124184431.0 010 $a1-136-87864-5 010 $a1-136-87865-3 010 $a1-283-04315-7 010 $a9786613043153 010 $a0-203-83858-0 024 7 $a10.4324/9780203838587 035 $a(CKB)2560000000058381 035 $a(EBL)667934 035 $a(OCoLC)709768199 035 $a(SSID)ssj0000474111 035 $a(PQKBManifestationID)11286692 035 $a(PQKBTitleCode)TC0000474111 035 $a(PQKBWorkID)10453478 035 $a(PQKB)10079449 035 $a(OCoLC)708569052 035 $a(MiAaPQ)EBC667934 035 $a(Au-PeEL)EBL667934 035 $a(CaPaEBR)ebr10447685 035 $a(CaONFJC)MIL304315 035 $a(EXLCZ)992560000000058381 100 $a20180706d2011 uy 0 101 0 $aeng 135 $aur|n|---||||| 181 $ctxt 182 $cc 183 $acr 200 10$aUnited Nations Educational, Scientific, and Cultural Organization (UNESCO) $ecreating norms for a complex world /$fJ.P. Singh 210 1$aNew York :$cRoutledge,$d2011. 215 $a1 online resource (193 p.) 225 0 $aGlobal institutions series ;$v46 300 $aDescription based upon print version of record. 311 $a0-415-49114-2 311 $a0-415-49113-4 320 $aIncludes bibliographical references (pages [160]-161) and index. 327 $aBook Cover; Title; Copyright; Contents; Illustrations; Foreword; Acknowledgements; Abbreviations; Introduction; 1 UNESCO's organizational history and structure; 2 Prioritizing education; 3 Making science; 4 The prominence of culture; 5 Debating global communication orders; 6 Reflections and possibilities; Appendix: UNESCO Constitution; Notes; Select bibliography; Index 330 $aThis book traces the history of UNESCO from its foundational idealism to its current stature as the preeminent international organization for science, education, and culture, building a well rounded understanding of this important organization.The book: provides an overview of the organization and its institutional architecture in the context of its humanistic idealismdetails the subsequent challenges UNESCO faced through cold war and power politics, global dependence and interdependence, and the rise of identity and culture in global politicsanalyses th 410 0$aGlobal Institutions 606 $aEducation and state$xInternational cooperation 606 $aScience and state$xInternational cooperation 606 $aCultural policy$xInternational cooperation 615 0$aEducation and state$xInternational cooperation. 615 0$aScience and state$xInternational cooperation. 615 0$aCultural policy$xInternational cooperation. 676 $a001.06/01 676 $a001.0601 700 $aSingh$b J. P.$f1961-,$0925754 801 0$bFlBoTFG 801 1$bFlBoTFG 906 $aBOOK 912 $a9910791883403321 996 $aUnited Nations Educational, Scientific, and Cultural Organization (UNESCO)$93706646 997 $aUNINA